000 00525ntaaa2200205 4500
003 01
005 20251027202402.0
008 0714s1973 ag 01
040 _aAR-BaBN
_bspa
_cAR-BaBN
_eaacr
_dRIC
082 _a282.0900 Z6u
100 _aZizola, Giancarlo
_922557
245 _aLa utopía del papa Juan
250 _a1 ed.
260 _aSalamanca :
_bSígueme,
_c1975
300 _a949 p
650 _aiglesia catolica
_9476
650 _aJuan, Pp XXIII 1881-1963
650 _aConcilio Vaticano II
_96955
942 _cBK
999 _c18750
_d18750